| 000 | 00656nam a22002057a 4500 | ||
|---|---|---|---|
| 003 | OSt | ||
| 005 | 20131031101628.0 | ||
| 008 | 130416s2010 sp ||||| |||| 00| 0 spa d | ||
| 020 | _a9788433925909 | ||
| 040 | _cCDMR | ||
| 100 | 1 |
_9263 _aWallraff, Günter |
|
| 245 | 1 | 0 |
_aCon los perdedores del mejor de los mundos _b: expediciones al interior de Alemania _cGünter Wallraff ; traducción de Daniel Najmías |
| 260 |
_aBarcelona _bAnagrama _c2010 |
||
| 300 | _a352 p. | ||
| 490 | 0 |
_aCrónicas _v90 |
|
| 650 | 0 | 4 |
_91993 _aConflictes laborals |
| 650 | 0 | 4 |
_94154 _aPeriodistes _xRelats personals |
| 650 | 0 | 4 |
_94236 _aMarginació social _zAlemanya |
| 942 |
_2udc _cMON |
||
| 999 |
_c6093 _d6093 |
||